Music Quiz

Random Music or Clickable Quiz

3 Word Song Titles - E.L.O. Quiz Stats

 Plays Quiz not verified by Sporcle

Challenge
Share
Tweet
Score 0/22 Timer 05:00
0 Plays Today
% Correct
Roll
100%
Sweet
96.3%
Mr.
94.4%
Turn
92.6%
Hold
90.7%
Across
90.7%
Wild
88.9%
Heaven
83.3%
Above
83.3%
Letter
79.6%
Don't
77.8%
% Correct
Rain
77.8%
Four
72.2%
Latitude
72.2%
Need
72.2%
No
72.2%
Fire
70.4%
Believe
68.5%
On
66.7%
Loser
63%
Summer
63%
Bluebird
61.1%

You're not logged in!

Compare scores with friends on all Sporcle quizzes.
Join for Free
OR
Log In

You Might Also Like...

Show Comments

Extras

Top Quizzes Today


Score Distribution

Your Account Isn't Verified!

In order to create a playlist on Sporcle, you need to verify the email address you used during registration. Go to your Sporcle Settings to finish the process.

Report this User

Report this user for behavior that violates our Community Guidelines.

Details: